Idea de un principe político-cristiano representada en cien empresas / (Record n. 10966)

Dettagli MARC
000 -LEADER
fixed length control field 00974nam a2200253 i 4500
003 - CONTROL NUMBER IDENTIFIER
control field IT-RoINE
005 - DATE AND TIME OF LATEST TRANSACTION
control field 20191022090146.0
008 - FIXED-LENGTH DATA ELEMENTS--GENERAL INFORMATION
fixed length control field 981123m19421946sp | r ||| ||spa d
040 ## - CATALOGING SOURCE
Original cataloging agency SpMaBN
Transcribing agency SpMaBN IT-RoINE
Modifying agency IT-RoINE
100 1# - MAIN ENTRY--PERSONAL NAME
Personal name Saavedra Fajardo, Diego de,
Dates associated with a name 1584-1648
9 (RLIN) 7097
245 10 - TITLE STATEMENT
Title Idea de un principe político-cristiano representada en cien empresas /
Statement of responsibility, etc Diego Saavedra Fajardo ; edición y notas de Vicente García de Diego.
260 ## - PUBLICATION, DISTRIBUTION, ETC. (IMPRINT)
Place of publication, distribution, etc Madrid :
Name of publisher, distributor, etc Espasa-Calpe,
Date of publication, distribution, etc 1942-1946.
300 ## - PHYSICAL DESCRIPTION
Extent 4 v. ;
Dimensions 18 cm.
336 ## - CONTENT TYPE
Source rdacontent
Content type term text
337 ## - MEDIA TYPE
Source rdamedia
Media type term unmediated
338 ## - CARRIER TYPE
Source rdacarrier
Carrier type term volume
490 1# - SERIES STATEMENT
Series statement Clásicos castellanos ;
Volume number/sequential designation 76, 81, 87 y 102
650 #7 - SUBJECT ADDED ENTRY--TOPICAL TERM
Topical term or geographic name as entry element Ética política
Source of heading or term embne
9 (RLIN) 22606
650 #7 - SUBJECT ADDED ENTRY--TOPICAL TERM
9 (RLIN) 22607
Topical term or geographic name as entry element Educación de príncipes
Source of heading or term embne
700 1# - ADDED ENTRY--PERSONAL NAME
Personal name García de Diego, Vicente,
Dates associated with a name 1878-1978
9 (RLIN) 22078
740 01 - ADDED ENTRY--UNCONTROLLED RELATED/ANALYTICAL TITLE
Uncontrolled related/analytical title Empresas políticas
830 #0 - SERIES ADDED ENTRY--UNIFORM TITLE
Uniform title Clásicos castellanos (Espasa-Calpe) ;
Volume number/sequential designation 76, 81, 87 y 102
9 (RLIN) 22520
942 ## - ADDED ENTRY ELEMENTS (KOHA)
Item type Monografías
Dati di copia
Withdrawn status Lost status Damaged status Not for loan Home library Current library Date acquired Total Checkouts Full call number Barcode Date last seen Price effective from Koha item type Public note
        Iglesia Nacional Española en Roma Iglesia Nacional Española en Roma 12/02/2016   COL.A 31.76 19595 12/02/2016 12/02/2016 Monografías v. 1
        Iglesia Nacional Española en Roma Iglesia Nacional Española en Roma 12/02/2016   COL.A 31.81 19596 12/02/2016 12/02/2016 Monografías v. 2
        Iglesia Nacional Española en Roma Iglesia Nacional Española en Roma 12/02/2016   COL.A 31.87 19597 12/02/2016 12/02/2016 Monografías v. 3 (Depósito legal 1958)
        Iglesia Nacional Española en Roma Iglesia Nacional Española en Roma 12/02/2016   COL.A 31.102 19598 12/02/2016 12/02/2016 Monografías v. 4 (Depósito legal 1958)